Bilecik Bilecik Bilecik Bilecik Bilecik

Gelecek 100 yıl : (Record no. 9162)

MARC details
000 -BAŞLIK
Sabit Uzunluktaki Kontrol Alanı 01203nam a22003617a 4500
001 - KONTROL NUMARASI
Control Dosyası 0009190
003 - KONTROL NUMARASI KİMLİĞİ
Kontrol Alanı KOHA_MİRAKIL
005 - EN SON İŞLEM TARİHİ ve ZAMANI
Kontrol Alanı 20260207001701.0
007 - FİZİKSEL TANIM SABİT ALAN - GENEL BİLGİ
Sabit uzunluklu kontrol alanı ta
008 - SABİT UZUNLUKTAKİ VERİ ÖGELERİ - GENEL BİLGİ
Sabit Alan 091120b2009 tu |||gr||||#||||0|tur |
020 ## - ISBN - ULUSLARARASI STANDART KİTAP NUMARASI
Isbn 9786055943660
Kullanılabilirlik koşulları 12,35
040 ## - KATALOGLAMA KAYNAĞI
Özgün Kataloglama Kurumu TR-BiSEU
Kataloglama Dili tur
Çeviri Kurumu TR-BiSEU
Açıklama Kuralları rda
041 0# - DİL KODU
Metin ya da ses kaydının dil kodu tur
044 ## - YAYINLAYAN/ÜRETEN KURULUŞUN ÜLKE KODU
ISO country code tu
050 ## - SINIFLAMA ve YER NUMARASI
Sınıflama Numarası JZ1305
Yer Numarası .F75 2009
100 1# - KİŞİ ADI
Yazar Adı (Kişi adı) Friedman, George.
245 1# - ESER ADI BİLDİRİMİ
Başlık Gelecek 100 yıl :
Alt Eseradı vb. 21. yüzyıl için öngörüler/
Sorumluluk Bildirimi George Friedman ; George Friedman; çevirenler İbrahim Şener, Enver Günsel.
250 ## - BASIM BİLDİRİMİ
Basım Bildirimi 1. bs.
264 #1 - ÜRERİM, YAYIN, DAĞITIM ve TELİF BİLDİRİMİ
Yayın yeri İstanbul :
Yayınlayan Pegasus Yayınları
Yayın tarihi 2009
300 ## - FİZİKSEL TANIMLAMA
Sayfa, Cilt vb. 320 sayfa
336 ## - İÇERİK TÜRÜ
Content type term metin
Content type code txt
Source rdacontent
337 ## - MEDYA TÜRÜ
Media type term aracısız
Media type code n
Source rdamedia
338 ## - TAŞIYICI TÜRÜ
Carrier type term cilt
Carrier type code nc
Source rdacarrier
490 1# - DİZİ BİLDİRİMİ
Dizi Bildirimi Pegasus yayınları ;
Cilt Numarası 179.
490 1# - DİZİ BİLDİRİMİ
Dizi Bildirimi Strateji analiz ;
Cilt Numarası 47.
500 ## - GENEL NOT
Genel Not Özgün eser adı: The next 100 years.
650 #0 - KONU BAŞLIĞI EK GİRİŞ - KONU TERİMİ
Konusal terim veya coğrafi ad Yirminci yüzyıl--Tahminler.
9 (RLIN) 22914
650 #0 - KONU BAŞLIĞI EK GİRİŞ - KONU TERİMİ
Konusal terim veya coğrafi ad Uluslararası ilişkiler 21. yüzyıl.
9 (RLIN) 22915
650 #0 - KONU BAŞLIĞI EK GİRİŞ - KONU TERİMİ
Konusal terim veya coğrafi ad Dünya politikası 21. yüzyıl--Tahminler.
9 (RLIN) 22916
830 1# - SERİ EK GİRİŞİ - TEKBİÇİM ESER ADI
Tekbiçim Başlık Pegasus yayınları ;
Volume number/sequential designation 179.
9 (RLIN) 22917
830 1# - SERİ EK GİRİŞİ - TEKBİÇİM ESER ADI
Tekbiçim Başlık Strateji analiz ;
Volume number/sequential designation 47.
9 (RLIN) 22918
942 ## - EK GİRİŞ ÖGELERİ (KOHA)
Source of classification or shelving scheme Library of Congress Classification
Koha item type Book
Holdings
Materyal Türü Kalıcı Konum Mevcut Konum Raf Yeri Sınıflandırma Kaynağı Edinim Bilgisi Ana Konular Alt Konular Yer Numarası Demirbaş Numarası Fatura Tarihi Maliyet, Alış Fiyatı Maliyet, Yenileme Fiyatı Geri Çekilme Durumu Kayıp Durumu Hasarlı Durumu Kredi için değil Kayıt Tarih Toplam Ödünçverme Son Görülme Tarihi Son Kontrol Tarihi
Book Prof. Dr. Azmi Özcan Kütüphanesi Prof. Dr. Azmi Özcan Kütüphanesi Uluğbey Salonu Library of Congress Classification Satın SİYASET BİLİMİ Uluslararası İlişkiler JZ1305 .F75 2009 0009190 20/11/2009 13.34 13.34         20/11/2009 17 05/12/2024 05/12/2024